| 000 | 00601 a2200217 4500 | ||
|---|---|---|---|
| 003 | 43699 | ||
| 005 | 20251015212909.0 | ||
| 008 | 251015b |||||||| |||| 00| 0 eng d | ||
| 022 | _a2315-5728 | ||
| 040 |
_c Nile University of Nigeria , Abuja. _erda |
||
| 050 | _a K 60 .A5 | ||
| 082 | _a K 60 .A5 | ||
| 245 | _aAFRICAN JOURNAL OF CLINICAL LEGAL EDUCATION AND ACCESS TO JUSTICE | ||
| 250 | _avol1 ,2012 | ||
| 260 |
_aAbuja _bNulia Press _c2012` |
||
| 264 |
_aAbuja _bNulia Press _c2012` |
||
| 300 | _aiv, 153 pg., 25 cm | ||
| 336 | _2rdacontent | ||
| 338 | _2rdacarrier | ||
| 942 |
_2lcc _cSERIAL |
||
| 999 |
_c43819 _d43819 |
||